000 01700cam a22004814i 4500
003 PE-LiUPU
005 20250731173315.0
008 150616s r 000 0 d
020 _a8430611347
035 _a(Sirsi) i9788430611348
040 _aPE-LiUPU
_bspa
_cPE-LiUPU
_erda
049 _aPRUA
082 0 4 _a291.42
_bE39
_221
100 1 _aEliade, Mircea,
_eautor.
245 1 0 _aIniciaciones místicas.
264 1 _aMadrid :
_bTaurus,
_c1958.
300 _a225 páginas ;
_c21 centímetros
336 _atext
_2rdacontent
337 _aunmediated
_2rdamedia
338 _avolume
_2rdacarrier
490 0 _aEnsayistas ;
_v134
504 _aNotas Bibliograficas.
505 0 _aRitos de pubertad e iniciaciones tribiales en las religiones primitivas -- De los ritos de pubertad a los cultos secretos -- Iniciaciones individuales y sociedades secretas -- Iniciaciones militares e iniciaciones chamanicas -- Temas iniciaticos en las grandes religiones.
526 _aSEG42
526 _aSEG41
526 _aSEG40
526 _aSEG39
526 _aP94
526 _aP87
526 _aP86
526 _aP85
526 _aP77
526 _aP76
526 _aP35
650 0 4 _aASCETISMO.
910 _ajck
_bjvq
_cjck
942 _2ddc
_cBOOK
949 _a291.42 E39
_wDEWEY
_c1
_i21508
_lCCODEBUL1
_mBUL
_r0
_sY
_tBOOK
_u2015-6-16
_xTEOLOGIA
_zUNKNOWN
_0COMPRA
_o.STAFF. Colección General
994 _aC0
_bPEPRU
596 _a1
999 _a291.42 E39
_wDEWEY
_c45566
_i21508
_f2021-11-12
_g6
_lCCODEBUL1
_mBUL
_r0
_sY
_tBOOK
_u2015-6-16
_xTEOLOGIA
_zUNKNOWN
_0COMPRA
_o.STAFF. Colección General
_d45566
980 _81
_gALBERTO SANCHEZ Responsable de Automatización